Подробности
| 000 -МАРКЕР |
| контрольное поле |
01661nam2a2200289 4500 |
| 001 - ИДЕНТИФИКАТОР ЗАПИСИ |
| контрольное поле |
RU\NLR\BIBL_A\011742112 |
| 005 - ИДЕНТИФИКАТОР ВЕРСИИ |
| контрольное поле |
20180711152119.0 |
| 010 ## - МЕЖДУНАРОДНЫЙ СТАНДАРТНЫЙ НОМЕР КНИГИ (ISBN) |
| Номер (ISBN) |
978-5-907019-32-4 |
| Тираж |
500 |
| 021 ## - НОМЕР ГОСУДАРСТВЕННОЙ РЕГИСТРАЦИИ |
| Код страны |
Российская Федерация |
| Номер |
КН-П-18-038416 |
| Номер Листа государственной регистраци |
КН-П-18-2765 |
| 035 ## - ДРУГИЕ СИСТЕМНЫЕ НОМЕРА |
| Идентификатор записи |
(NLR Aleph) 011742112 |
| 035 ## - ДРУГИЕ СИСТЕМНЫЕ НОМЕРА |
| Идентификатор записи |
(RuMoRGB)009646207 |
| 100 ## - ДАННЫЕ ОБЩЕЙ ОБРАБОТКИ |
| Данные общей обработки |
20180703d2017 k y0rusy50 ca |
| 101 0# - ЯЗЫК РЕСУРСА |
| Язык текста, звукозаписи и т.д. |
русский |
| 102 ## - СТРАНА ПУБЛИКАЦИИ ИЛИ ПРОИЗВОДСТВА |
| Страна публикации |
Российская Федерация |
| 105 ## - ПОЛЕ КОДИРОВАННЫХ ДАННЫХ: ТЕКСТОВЫЕ МАТЕРИАЛЫ, МОНОГРАФИЧЕСКИЕ |
| Кодированные данные о монографическом текстовом документе |
a z 000 y |
| 200 0# - ЗАГЛАВИЕ И СВЕДЕНИЯ ОБ ОТВЕТСТВЕННОСТИ |
| Основное заглавие |
Вып. 8 |
| Первые сведения об ответственности |
... Omega Science, международный центр инновационных исследований |
| Последующие сведения об ответственности |
[под ред. М.З. Закирова] |
| 210 ## - ПУБЛИКАЦИЯ, РАСПРОСТРАНЕНИЕ И ДР. |
| Место издания, распространения и т.д. |
Уфа |
| Имя издателя, распространителя и т. д. |
НИЦ Аэтерна |
| -- |
МЦИИ Омега Сайнс |
| Дата издания, распространения и т.д. |
2017 |
| 215 ## - ФИЗИЧЕСКАЯ ХАРАКТЕРИСТИКА |
| Специфическое обозначение материала и объем |
80 с. |
| Другие сведения о физической характеристике |
ил. |
| 320 ## - ПРИМЕЧАНИЯ О НАЛИЧИИ В ДОКУМЕНТЕ БИБЛИОГРАФИИ / УКАЗАТЕЛЯ |
| Текст примечания |
Библиогр. в конце ст. |
| 461 #0 - УРОВЕНЬ НАБОРА |
| Встроенное поле |
001RU\NLR\BIBL_A\011107924 |
| -- |
2001#$aАктуальные вопросы технических наук: теоретический и практический аспекты$eколлективная монография$e[сборник статей]$fНауч. центр "Аэтерна"$g[под ред И.А. Григорьева]$vВып. 8 |
| Системный номер (АБИС) связанной записи |
11458108 |
| Место публикации |
Уфа |
| Дата публикации |
2015 |
| Первые сведения об ответственности |
Науч. центр "Аэтерна" |
| Имя издателя, распространителя и т.д. |
Аэтерна |
| Сведения, относящиеся к заглавию |
коллективная монография : [сборник статей] |
| Заглавие |
Актуальные вопросы технических наук: теоретический и практический аспекты |
| Номер тома |
Вып. 8 |
| 702 #1 - ИМЯ ЛИЦА - ВТОРИЧНАЯ ОТВЕТСТВЕННОСТЬ |
| Начальный элемент ввода |
Закиров |
| Часть имени, кроме начального элемента ввода |
М.З. |
| Расширение инициалов личного имени |
Мунавир Закиевич |
| Код отношения |
Редактор |
| 852 ## - МЕСТОНАХОЖДЕНИЕ И ШИФР ХРАНЕНИЯ |
| Идентификатор организации |
NLR |
| Шифр хранения (Call Number) |
2018-8/2113 |
| 942 ## - ДОПОЛНИТЕЛЬНЫЕ ЭЛЕМЕНТЫ ЗАПИСИ (АБИС) |
| Тип экземпляра АБИС |
Книга |
| 980 ## - КОЛЛЕКЦИЯ |
| Название коллекции |
Национальная библиография |